000
00320nam a2200133Ia 4500
100
_a
Wartikar/J.N./ Wartikar/P.N.
942
_c
BK
654
_a
engineering mathematics iv
245
_a
Engineering Mathematics iv
260
_b
Pune Vidyarthi
_a
NewDelhi
_c
1997
082
_a
511
_b
WAR
546
_a
ENGLISH
999
_c
31995
_d
31995